How to manage your arts, humanities and social science degree (Record no. 208087)

MARC details
000 -LEADER
fixed length control field 00550nam a2200181Ia 4500
008 - FIXED-LENGTH DATA ELEMENTS--GENERAL INFORMATION
fixed length control field 191130s2002##################000#0#eng##
020 ## - INTERNATIONAL STANDARD BOOK NUMBER
ISBN 9781403900548
082 ## - DEWEY DECIMAL CLASSIFICATION NUMBER
Classification number 378.17028 BEC
100 ## - MAIN ENTRY--AUTHOR NAME
Personal name Becker, Lucinda
245 ## - TITLE STATEMENT
Title How to manage your arts, humanities and social science degree
Statement of responsibility, etc Lucinda Becker
260 ## - PUBLICATION, DISTRIBUTION, ETC. (IMPRINT)
Place of publication Basingstoke, Hampshire
Name of publisher Palgrave Macmillan
Year of publication 2002
300 ## - PHYSICAL DESCRIPTION
Number of Pages vii, 174 p. ; 23 cm
650 ## - SUBJECT ADDED ENTRY--TOPICAL TERM
Topical Term College students
991 ## -
-- 406185
Holdings
Withdrawn status Lost status Damaged status Not for loan Home library Current library Date acquired Full call number Accession Number Price effective from Koha item type
        Anna Centenary Library Anna Centenary Library 13.10.2020 378.17028 BEC 319235 13.10.2020 English Books

Find us on the map